<?xml version="1.0" encoding="UTF-8"?>
<record
    xmlns:xsi="http://www.w3.org/2001/XMLSchema-instance"
    xsi:schemaLocation="http://www.loc.gov/MARC21/slim http://www.loc.gov/standards/marcxml/schema/MARC21slim.xsd"
    xmlns="http://www.loc.gov/MARC21/slim">

  <leader>01113nam a22002171i 4500</leader>
  <controlfield tag="001">181126</controlfield>
  <controlfield tag="003">ES-MaACL</controlfield>
  <controlfield tag="005">20250925063048.0</controlfield>
  <controlfield tag="008">121023s1909    sp           |||| | spa d</controlfield>
  <datafield tag="100" ind1="1" ind2=" ">
    <subfield code="a">Sanz y Escart&#xED;n, Eduardo, </subfield>
    <subfield code="d">1855-1939</subfield>
    <subfield code="9">103695</subfield>
  </datafield>
  <datafield tag="245" ind1="1" ind2="3">
    <subfield code="a">La educaci&#xF3;n moral </subfield>
    <subfield code="b">: memoria escrita por Eduardo Sanz y Escart&#xED;n en el Primer Congreso Internacional de Educaci&#xF3;n Moral celebrado en Londres en septiembre de 1908.</subfield>
  </datafield>
  <datafield tag="260" ind1=" " ind2=" ">
    <subfield code="a">[Madrid] : </subfield>
    <subfield code="b">Junta para Ampliaci&#xF3;n de Estudios e Investigaciones Cient&#xED;ficos,</subfield>
    <subfield code="c">1909.</subfield>
  </datafield>
  <datafield tag="300" ind1=" " ind2=" ">
    <subfield code="a">60 p. ; </subfield>
    <subfield code="c">23 cm.</subfield>
  </datafield>
  <datafield tag="490" ind1="1" ind2=" ">
    <subfield code="a">Anales de la Junta para Ampliaci&#xF3;n de Estudios e Investigaciones Cient&#xED;ficos ; </subfield>
    <subfield code="v">T. 1, memoria 1</subfield>
  </datafield>
  <datafield tag="650" ind1="0" ind2="7">
    <subfield code="a">Educaci&#xF3;n moral</subfield>
    <subfield code="2">embne</subfield>
    <subfield code="9">12115</subfield>
  </datafield>
  <datafield tag="710" ind1="2" ind2=" ">
    <subfield code="a">Junta para la Ampliaci&#xF3;n de Estudios e Investigaciones Cient&#xED;ficas.</subfield>
    <subfield code="9">5413</subfield>
  </datafield>
  <datafield tag="711" ind1="2" ind2=" ">
    <subfield code="a">Congreso Internacional de Educaci&#xF3;n Moral (</subfield>
    <subfield code="n">1&#xBA;. </subfield>
    <subfield code="d">1908. </subfield>
    <subfield code="c">Londres)</subfield>
    <subfield code="9">151696</subfield>
  </datafield>
  <datafield tag="830" ind1="0" ind2=" ">
    <subfield code="a">Anales de la Junta para Ampliaci&#xF3;n de Estudios e Investigaciones Cient&#xED;ficos ; </subfield>
    <subfield code="v">T. 1, memoria 1</subfield>
    <subfield code="9">224700</subfield>
  </datafield>
  <datafield tag="852" ind1=" " ind2=" ">
    <subfield code="a">ES-MaACL</subfield>
    <subfield code="j">B-13157(1)</subfield>
  </datafield>
  <datafield tag="999" ind1=" " ind2=" ">
    <subfield code="c">181126</subfield>
    <subfield code="d">181126</subfield>
  </datafield>
  <datafield tag="952" ind1=" " ind2=" ">
    <subfield code="0">0</subfield>
    <subfield code="1">0</subfield>
    <subfield code="4">0</subfield>
    <subfield code="7">0</subfield>
    <subfield code="a">ATENEOM</subfield>
    <subfield code="b">ATENEOM</subfield>
    <subfield code="c">SPB</subfield>
    <subfield code="d">2012-10-23</subfield>
    <subfield code="e">SC</subfield>
    <subfield code="l">0</subfield>
    <subfield code="o">B-13157(1)</subfield>
    <subfield code="p">1190337</subfield>
    <subfield code="r">2023-02-23 00:00:00</subfield>
    <subfield code="w">2023-02-23</subfield>
    <subfield code="y">MONOGRAFIA</subfield>
  </datafield>
</record>
